Naruto: Enigme Personnages (Anime) #1 - Statistiques

Statistiques générales
  • Ce quiz a été pris 12 937 fois
  • Le résultat moyen est 18 sur 26
Statistiques - réponses
Indice Lettre Personnage % Correct
A est courtisé par R et S A Sasuke
97%
A est a B ce que D est a C B Itachi
81%
R et S aiment la même personne R Sakura
79%
W est amoureuse de V W Hinata
78%
S est la partenaire d'équipe de T S Ino
78%
V renferme U en lui V Naruto
78%
O est le plus grand rival de P O Kakashi
77%
N prend sous son aile un des élèves de O N Jiraya
76%
X possède le même attribut héréditaire que W X Neji
76%
P est le professeur de Q P Gaï
75%
Q est amoureux de R Q Rock Lee
75%
T a abandonné contre Z a l'examen des Ninjas de moyenne classe T Shikamaru
75%
Y est la partenaire d'équipe de X Y Tenten
75%
U possède du chakra rouge U Kyûbi
73%
L est le partenaire d'équipe de M et N L Orochimaru
73%
M a drogué N pour l'endormir M Tsunade
73%
Z a battu Y a l'examen des Ninjas de moyenne classe Z Temari
70%
G est le fidèle compagnon de H G Akamaru
64%
H est sauvé par I lors d'une mission dirigée par T H Kiba
64%
J intervient lors d'un combat entre K et Q J Gaara
55%
E est à N ce que F est à O E Gamabunta
52%
I est le partenaire d'équipe de J I Kankuro
52%
F appartient à la même espèce que G F Pakkun
50%
K a été élevé par L K Kimimaro
45%
C et D sont de la même famille que E C Gamakichi
42%
D apparaît dans l'anime plus tard que C D Gamatatsu
32%
Aucun quiz correspondant
Distribution des résultats
% des personnes avec chaque résultat
Percentile par nombre de réponses
Votre historique - résultats
Vous n’avez pas pris ce quiz